[Event "Sitges Sunway op 4th"]
[Site "Sitges"]
[Date "2017.12.19"]
[Round "5"]
[White "Romanishin, Oleg M"]
[Black "Edouard, Romain"]
[Result "0-1"]
[WhiteElo "2458"]
[BlackElo "2621"]
[Annotator "Edouard,R"]
[PlyCount "80"]
[EventDate "2017.12.15"]
[EventType "swiss"]
[EventRounds "9"]
[EventCountry "ESP"]
[SourceTitle "CBM 182"]
[Source "ChessBase"]
[SourceDate "2018.01.17"]
[SourceVersion "1"]
[SourceVersionDate "2018.01.17"]
[SourceQuality "1"]

1. d4 Nf6 2. Nf3 e6 3. g3 c5 4. Bg2 cxd4 5. Nxd4 d5 6. O-O e5 7. Nb3 Be6 8. Nc3
({I like the idea} 8. e4 $5 {but it only leads to dry equality:} Nc6 (8... Nxe4
$6 9. c4 $44) 9. exd5 Bxd5 10. Bg5 Bxg2 11. Kxg2 Qxd1 12. Rxd1 Ne4 13. Be3 Be7
$11) (8. f4 {right away allows} Nc6 {and now Black is able to answer} 9. Nc3 {
with} Qb6+ {and it should be an improved version for Black.}) 8... Be7 9. f4 $5
{A line Romanishin seems to like very much, since he's playing it all the time!
} exf4 10. gxf4 $1 {Critical.} (10. Bxf4 Nc6 {leads to nowhere for White,
although he's not worse.}) 10... g6 11. Kh1 {The best plan, played already 8
times by Romanishin!} (11. Nd4 Nc6 $132) 11... Nc6 12. Be3 O-O 13. Nd4 Rc8 $5 {
An interesting new idea. Black has a positional threat ...Nxd4 and ...Bxc5,
while if Black takes on e6 it should be an improvement to have played ...Rc8
and not ...Qd7.} (13... Qd7 {is what people usually do, against Romanishin
himself as he's the only one to play this position with White! He has
nevertheless had impressive results, although the games were all quite unclear:
} 14. Nxe6 fxe6 15. Bg1 Rad8 (15... Bb4 $5 16. Qd3 Nh5 17. e3 Rac8 18. Ne2 Bc5
$13 {1/2-1/2 (24) Romanishin,O (2534)-Piscopo,P (2406) ITA 2011}) 16. e3 Nh5 (
16... Bc5 17. Qe2 Ne7 18. Rad1 Qc7 19. Nb5 Qb6 20. b4 Bxb4 21. e4 Bc5 22. Bxc5
Qxc5 23. Nd4 Qb6 24. exd5 Nexd5 25. Qxe6+ Rf7 26. f5 Rd6 27. fxg6 $1 hxg6 28.
Qc8+ Rd8 29. Qh3 Ne7 30. Ne6 $44 {1-0 (40) Romanishin,O (2561)-Bluvshtein,M 
(2447) Montreal 2003}) 17. Qg4 $5 (17. Qe2 Bf6 18. Rad1 Qe7 19. Na4 Bg7 20. Bf3
Nf6 $13 {1-0 (39) Romanishin,O (2456)-Werle,J (2555) Hoogeveen NED 2016}) 17...
Bf6 18. Rad1 Qe8 (18... Bxc3 $5 19. bxc3 Nf6 $13) 19. Ne2 Ng7 20. c3 Nf5 21.
Ng3 Nh4 22. Bh3 Nf5 23. e4 $14 {1/2-1/2 (35) Romanishin,O (2463)-Zelbel,P 
(2458) Figueira da Foz POR 2017}) 14. Bg1 $6 {White had a critical choice
between two moves, but this isn't one of them!} (14. f5 {leads to unclear
positions, where I like Black:} Ng4 15. Bg1 (15. Qd2 gxf5 16. Nxf5 Bxf5 17.
Rxf5 d4 18. Bxd4 Qxd4 19. Qxd4 Nxd4 20. Rf4 $11) 15... Nxd4 16. fxe6 (16. Bxd4
Bd6 $1 $40) 16... Nxe6 17. Nxd5 (17. Bxd5 Bf6 18. Bxb7 Rc7 $44) (17. e3 h5 18.
h3 Bd6 $1 $13) (17. Qxd5 Bc5 18. Bh3 Qh4 $15) 17... Bd6 $5 (17... Bc5 $5 18. e3
h5 19. h3 Bd6 $1 $13) 18. e4 h5 19. Bf3 Be5 20. c3 Qg5 $13) ({Same here:} 14.
Nxe6 fxe6 15. Bh3 (15. Bg1 Bb4 $132) 15... Kf7 $5 (15... Qd7 $5 {is of course
possible as well.}) 16. Bg1 d4 $5 (16... Bb4 $5) 17. Nb1 Nd5 $13) 14... Nxd4
15. Bxd4 Bc5 $15 {Here White can't allow Black to exchange the dark-squared
bishops and play ...Rc4 followed by ...c4.} 16. Bxf6 $8 (16. e3 Ng4 $17) 16...
Qxf6 17. Nxd5 Qxb2 18. c4 $1 {The correct move. Black remains slightly better
but it isn't that easy to play.} Rfd8 (18... b5 $5 {first was the critical
alternative, having some advantages and disadvantages.}) ({I spent a lot of
time calculating the following line, until I realised it made no sense to go
for it:} 18... f5 19. Rb1 Qxa2 20. Rxb7 Qxc4 21. Qa1 Bd4 22. Ne7+ Kh8 23. Qa3 {
and here White is threatening Nxg6+ while the c8-rook is still hanging. This
was too complicated for me!}) 19. e4 b5 20. cxb5 $6 ({I believe} 20. Qb3 {
was a better practical choice:} Qxb3 (20... Qd4 $5 21. Qxb5 Bg4 $44 {is
suggested by the engine.}) 21. axb3 bxc4 22. bxc4 Kg7 $15) 20... Bxd5 21. exd5
Bd6 $1 {To win the game, Black should play for the initiative. The b5-pawn is
not too relevant, while the f4-pawn is.} (21... Qxb5 $15) 22. a4 $2 (22. Qb3 {
was probably best, but after} Qf6 $15 {White's position is not fun to play.
Black wants to play ...Rc3 or ...Re8, while f4 is already hanging.}) (22. Rc1
Rxc1 23. Qxc1 Qxb5 $17) 22... Rc4 23. Rb1 Qf6 24. a5 Rxf4 25. Qg4 (25. b6 axb6
26. axb6 Qe5 27. Rxf4 Qxf4 28. Qg1 Re8 {is just winning for Black: White is
paralysed and the d- and b-pawns are blocked.}) 25... Rxf1+ 26. Rxf1 Qe5 $2 (
26... Qb2 $1 27. Qf3 Rd7 {was similar to the game, after White didn't play the
critical move 27.Qg3.}) 27. Qh3 $2 (27. Qg3 $1 Qe7 $1 {with the idea ...Rb8,
and Black remains clearly better, but White got a clear improvement compared
to the game.} (27... Qxg3 28. hxg3 Bxg3 {would allow lines like} 29. b6 axb6
30. a6 Ra8 31. d6 Rxa6 32. d7 Bh4 33. Bd5 {that should end in a draw.})) 27...
Rb8 $1 28. Rb1 Qd4 (28... Rb7 $5 {is crushing. Black wants ...Rc7-...Rc3.}) 29.
Qf3 ({In the event of} 29. Qd7 {I was planning to repeat moves} Qe5 30. Qh3 {
and now go for} Rb7) 29... Rb7 30. Qe4 Qc3 31. a6 (31. b6 $2 Qxa5 $19 {is
hopeless.}) 31... Re7 {Now Black is on the way to cash in on his initiative,
paralysing the white queen and thus the whole position.} 32. Qf3 Re3 33. Qf2
Qe5 34. Qg1 (34. Qh4 $2 g5 35. Qh5 Re1+ $19) 34... Re4 $1 35. Rf1 (35. h3 $8 {
was the only defence, although Black is totally winning:} Re3 (35... Ra4 $5)
36. b6 Rxh3+ 37. Bxh3 Qe4+ 38. Qg2 Qxb1+ 39. Qg1 Qb3 40. Bf1 axb6 41. a7 Qa2
$19) 35... Rh4 36. h3 Qg3 $1 37. Rf3 (37. Rf2 Bc5 $19) 37... Rxh3+ $1 {All the
pawns are falling.} 38. Bxh3 Qxf3+ 39. Qg2 Qd1+ 40. Qf1 Qxd5+ 0-1

[Event "EU-Cup 35th"]
[Site "Budva"]
[Date "2019.11.15"]
[Round "6.9"]
[White "Edouard, Romain"]
[Black "Schmidek, Emil"]
[Result "0-1"]
[WhiteElo "2635"]
[BlackElo "2394"]
[Annotator "Edouard,R"]
[PlyCount "70"]
[EventDate "2019.11.10"]
[EventType "team-swiss"]
[EventRounds "7"]
[EventCountry "MNE"]
[SourceTitle "CBM 193 Extra"]
[Source "ChessBase"]
[SourceDate "2020.01.31"]
[SourceVersion "1"]
[SourceVersionDate "2020.01.31"]
[SourceQuality "1"]
[WhiteTeam "Gent"]
[BlackTeam "Berlin SF"]
[WhiteTeamCountry "BEL"]
[BlackTeamCountry "GER"]

1. d4 d5 2. Bf4 Nf6 3. e3 e6 4. Nd2 c5 5. c3 Nc6 6. Ngf3 Nh5 $5 ({More
flexible than} 6... cxd4 7. exd4 Nh5 {which allows the bishop to go back to e3.
On the other hand, after the game move, White is supposed to enjoy Black's
knight on h5 and answer ...cxd4 with cxd4.}) 7. Be5 $2 (7. Bg5 {is definitely
critical, but here we have one of the most solid lines for Black.} f6 (7... Qc7
8. Ne5 g6 9. Nxc6 bxc6 10. Be2 Rb8 11. Rb1 h6 12. Bh4 g5 13. Bxh5 gxh4 14. O-O
Bd6 15. f4 cxd4 16. cxd4 c5 17. Nf3 $14 {1-0 (53) Harikrishna,P (2732)-Navara,
D (2727) Prague 2018}) (7... Qb6 $6 8. dxc5 $1 Qxb2 $6 9. Nd4 $1 {is an
important trick}) (7... Be7 8. Bxe7 Qxe7 9. Bb5 Bd7 10. Bxc6 Bxc6 11. Ne5 Nf6
12. Nxc6 bxc6 13. Qa4 Rc8 14. O-O O-O 15. Nb3 c4 16. Nc5 $14 {½-½ (80) Gupta,
A (2610)-Demidov,M (2523) chess.com 2018}) 8. Bh4 g6 9. Bd3 Be7 (9... Bd6 $5
10. Qe2 O-O 11. Bg3 $6 (11. g4 $5 Ng7 12. dxc5 Bxc5 13. e4 $36) 11... e5 12.
dxe5 fxe5 13. e4 d4 14. Bc4+ Kg7 15. Bd5 Ne7 16. Nc4 $6 Nxd5 (16... Bc7 $1 $17)
17. exd5 Nxg3 $6 (17... Nf4 $1) 18. hxg3 e4 $6 (18... Bb8 $5) 19. Nxd6 Qxd6 20.
Qxe4 Bf5 21. Qe5+ Qxe5+ 22. Nxe5 Rfe8 23. f4 $14 {1-0 (57) Carlsen,M (2876)
-Pichot,A (2590) chess24.com 2019}) (9... cxd4 10. cxd4 Be7 11. O-O Bd7 12. a3
O-O 13. Rc1 Rc8 14. Nb1 Qb6 15. Qe2 Na5 16. Nc3 Nc4 17. Bxc4 Rxc4 18. e4 dxe4
19. Qxc4 exf3 $13 {1-0 (54) Giri,A (2785)-So,W (2815) chess.com 2017}) 10. O-O
b6 11. Re1 O-O 12. e4 Bb7 13. exd5 exd5 14. Nf1 cxd4 15. Nxd4 Nxd4 16. cxd4 Bb4
17. Re3 Qd7 $11 {It was difficult for White to prove any advantage, although
he won later! 1-0 (32) So,W (2788)-Dominguez Perez,L (2739) Saint Louis 2017})
7... f6 8. Bg3 cxd4 (8... Nxg3 9. hxg3 f5 10. Bb5 Bd6 11. Ne5 O-O 12. f4 Bxe5
13. dxe5 Bd7 $2 (13... Ne7 $5) 14. Bxc6 Bxc6 15. Qh5 h6 16. Qg6 Qe8 17. Rxh6
Qxg6 18. Rxg6 Kf7 19. Rg5 $16 {1-0 (39) Wei Yi (2748)-Le Tuan Minh (2485)
Ashgabat 2017}) 9. exd4 (9. cxd4 {was more logical, but I wanted to try a more
aggressive plan. In any case, my bishop should rather be on h4, not g3!}) 9...
g6 10. Bd3 Bg7 11. Qc2 (11. O-O O-O {is just good for Black: soon ...e5 will
come.}) 11... O-O 12. O-O-O e5 13. dxe5 fxe5 14. Nc4 {Entering a tactical mess,
but Black has several good continuations.} Bd7 (14... Nf4 $5) (14... Qe7 $5 15.
Ne3 Be6) (14... Nxg3 $6 15. hxg3 Qc7 $2 {is one of the tricks:} 16. Ne3 $1 e4
17. Nxd5 exd3 18. Qb3 Qf7 19. Ng5 $18) 15. Ncxe5 Nxe5 16. Nxe5 Qg5+ $1 {
I had missed that idea.} (16... Nxg3 17. Nxd7 Nxh1 18. Nxf8 Qg5+ $1 (18... Nxf2
19. Qxf2 Qxf8 {and Black should suffer to try to make a draw}) 19. Kb1 Qxg2 $13
) 17. f4 Rxf4 $1 18. Nxd7 Rf2+ 19. Rd2 Nxg3 20. hxg3 Bh6 21. Rxh6 Qxh6 {
Black's position is just good, although it doesn't justify blunder the game in
one move as I did.} 22. Qd1 $2 (22. Nc5 Raf8 $17) (22. b4 $5 Qe3 23. Nc5 Rxg2
24. Nb3 $15) (22. Ne5 $2 Re8 23. Nf3 Rxf3 24. gxf3 Re1+ {is the most serious
concrete problem.}) 22... Qe3 $1 {Trapping my d7-knight! White's position is
hopeless.} 23. b4 (23. Kc2 Rd8 $19) 23... a5 24. bxa5 (24. Qc2 Rc8 25. Nc5 axb4
26. cxb4 b6 $19) 24... Rxa5 25. Qc2 Rf7 26. Nb8 Qxg3 27. Re2 Qxb8 28. Re6 (28.
Bxg6 Rf1+ $19) 28... Qc8 29. Re5 Kg7 30. c4 Qc5 31. Rxd5 Qg1+ 32. Kb2 Rxd5 33.
cxd5 Qd4+ 34. Kb1 Qb6+ 35. Ka1 Rc7 0-1

[Event "Match/Nation ROM-DDR 14-18"]
[Site "Eforie Nord"]
[Date "1984.05.12"]
[Round "1.4"]
[White "Espig, Lutz"]
[Black "Ghitescu, Theodor"]
[Result "1-0"]
[WhiteElo "2420"]
[BlackElo "2420"]
[Annotator "Espig,L"]
[PlyCount "97"]
[EventDate "1984.05.10"]
[EventType "team-schev"]
[EventRounds "4"]
[EventCountry "ROU"]
[SourceTitle "EXT 2006"]
[Source "ChessBase"]
[SourceDate "2005.11.24"]
[SourceVersion "1"]
[SourceVersionDate "2005.11.24"]
[SourceQuality "1"]

{SCHACH 7/1984} 1. Nf3 d5 2. d4 Nc6 3. Bf4 Bg4 4. e3 e6 5. c4 dxc4 $2 {Damit
sollte Schwarz warten bis der Bf1 gezogen hat.} (5... Nf6 $142) 6. Bxc4 Nf6 7.
Nc3 Bd6 8. Bg3 O-O 9. O-O a6 (9... e5 {scheitert an} 10. dxe5 Nxe5 11. Bxe5
Bxf3 12. Bxf6) 10. Rc1 Bxg3 11. hxg3 Qe7 12. Be2 Rfd8 13. Qb3 Rab8 14. Rfd1 {
Weiß hat Raumvorteil. Der folgende Befreiungsversuch im Zentrum bringt keine
spürbare Erleichterung.} e5 15. d5 Na7 16. e4 c5 17. Qc2 b5 18. Nh4 $1 Bc8 19.
b3 $1 Rb7 20. a4 g6 21. axb5 axb5 22. Ra1 Bd7 23. Ra6 Nc8 24. d6 {Weiß gewinnt
jetzt einen Bauern.} Qe8 25. Nd5 Nxd5 26. Rxd5 Be6 27. Rxe5 Nxd6 28. Rxc5 Qf8
29. Nf3 $1 Re7 (29... Nc4 30. Rcc6) 30. e5 Nf5 31. Bxb5 {Der zweite Bauer ist
gefallen, aber es wird in Zeitnot noch interessant.} Rb7 32. b4 Bd5 33. g4 Bxf3
34. gxf5 Bg4 (34... Rd1+ 35. Bf1) (34... Rxb5 35. Rxb5 Rd1+ 36. Kh2 Qh6+ 37.
Kg3) 35. Qe4 $1 Rxb5 36. Rxb5 Rd1+ 37. Kh2 Qh6+ 38. Kg3 Bxf5 39. Rb8+ Kg7 40.
Qh4 Rd3+ 41. f3 Qe3 42. Qf6+ Kh6 43. Qh4+ Kg7 {Bis hierher wurde im Blitztempo
gespielt, da keiner mitgeschrieben hatte.} 44. Qf6+ {Abgabezug} Kh6 45. Qxf5 ({
Leicht gewann auch} 45. Ra1 {was Schwarz zu} Qg5+ {nötigen würde, doch hatte
ich hier bereits den schönen Schlußzug im Auge.}) 45... Qe1+ 46. Kh2 Rd4 47. f4
Rd1 48. Qh3+ Kg7 49. Rxg6+ $1 1-0

[Event "EU-chT (Men) 21st"]
[Site "Heraklion"]
[Date "2017.11.04"]
[Round "7.4"]
[White "Berkes, Ferenc"]
[Black "Mamedov, Rauf"]
[Result "0-1"]
[WhiteElo "2661"]
[BlackElo "2678"]
[Annotator "Fernandez,D"]
[PlyCount "160"]
[EventDate "2017.10.28"]
[EventType "team-swiss"]
[EventRounds "9"]
[EventCountry "GRE"]
[SourceTitle "CBM 182"]
[Source "ChessBase"]
[SourceDate "2018.01.17"]
[SourceVersion "1"]
[SourceVersionDate "2018.01.17"]
[SourceQuality "1"]
[WhiteTeam "Hungary"]
[BlackTeam "Azerbaijan"]
[WhiteTeamCountry "HUN"]
[BlackTeamCountry "AZE"]

{One of the key games of round 7 was this encounter, where Black escaped a
solid opening that looked very difficult to win, and did so anyway.} 1. d4 d5
2. Nf3 Nf6 3. Bf4 Bf5 4. e3 e6 5. Bd3 {Sometimes it is important first of all
to try and eliminate all risk of losing.} Bxd3 6. Qxd3 c6 7. O-O Bd6 8. Nbd2
O-O 9. c3 Bxf4 {Actually quite a big decision.} (9... Bc7 {tries to play
without making pawn-structure concessions, and to fight for the e5-square. For
instance:} 10. Bg3 Nbd7 11. Rfe1 Re8 12. e4 {White should get this in before
Black plays ...e5.} dxe4 13. Nxe4 Nxe4 14. Qxe4 a5 $132 {with a type of
position often seen in the Caro-Kann, for instance an Inarkiev-Ding game 
(venue slips my mind.)}) 10. exf4 Nbd7 11. Rfe1 Qb6 12. Rab1 Rfe8 13. Ne5 {
White's position is a lot easier to play, though it is not better. He may also
want b4 so Black hurries:} c5 (13... a5 14. Ndf3 {will force a decision anyway
due to the ideas of Ng5 and f5}) 14. Ndf3 cxd4 15. Qxd4 Qxd4 16. Nxd4 a6 {
The position type has now changed - a good transformation from Black's
perspective, though the evaluation is the same.} 17. f3 Rac8 18. g4 {Trying to
keep the heat on.} (18. f5 Nxe5 19. Rxe5 Nd7 $1 $11) 18... Nxe5 19. Rxe5 Nd7
20. Re2 Nc5 (20... Nb8 $5 {If Black was really playing for equality, the
knight swap is an obvious place to look. The fact that he tried for more could
have caused him a little trouble.} 21. Rbe1 Nc6 22. Nxc6 Rxc6 23. f5 g6 $11)
21. Rd1 Na4 22. Kf2 $6 {A little bit slow.} (22. Rde1 $5 Nc5 23. f5 {is most
exacting:} Nd3 24. Rd1 Nf4 25. Re5 Rcd8 26. Kf2 $14 {White stands better, as ..
.f6 can always be met with Rxe6 (reminiscent of the L'Ami game from r4.)})
22... g6 23. Rd3 Nb6 24. b3 $6 {Lining up future headaches.} Nd7 25. Ke1 Kg7
26. Kd2 Kf6 27. h4 h5 28. gxh5 gxh5 29. Rg2 Nf8 (29... Rh8 $1 $11 {and ...Rcg8
could have been better, when White isn't managing to attack his targets
properly and can easily become worse}) 30. f5 e5 31. Ne2 Kxf5 32. Rxd5 {
Now the position is still equal, but it is easier for White.} Ke6 33. c4 Ng6 (
33... Rcd8 34. Nc3 Ng6 35. Rg5 Rh8 $1 {was the correct approach.}) 34. Rg5 b5 (
34... Red8 35. Nc3 $14 {is similar}) (34... Rcd8 35. Rxh5 {is now not such a
panacea:} Rxd5+ 36. cxd5+ Kxd5 37. Rh6 $14) 35. Kd3 {Now Black can fully
equalise through a contortion.} (35. Kc3 $14 {avoided future rook swaps.})
35... Rh8 (35... Red8 $1 {Like this one.} 36. Rxh5 (36. Nc3 {is not legal now})
36... Rh8 $3 $11 {A hard detail to see unless the engine helpfully advises you
as to its presence.}) 36. f4 $1 bxc4+ 37. bxc4 exf4 38. Nd4+ Ke7 39. Nf5+ Kf8 (
39... Ke6 40. Rd6+ Ke5 41. Rxa6 {is a mating net}) 40. Nd6 (40. Ke2 $3 {
is a great quiet move - Black has no obvious next move, so the king simply
heads over to blockade the Pf4.} Ne7 41. Rd7 $1 f6 (41... Nxf5 42. Rxf5 $16)
42. Nxe7 Re8 43. Rgd5 Rxe7+ 44. Kf3 $1 {with a much better rook ending.}) 40...
Rc6 $6 (40... Rc7 $14 {was marginally more accurate, since White has no knight
move that gains tempo against a rook here}) 41. c5 Ke7 {Now Black gets active
again, but White can still control it:} 42. Ke4 (42. Nf5+ Kf6 43. Nd4 {was
advisable, in spite of the random detail} Re6 $5 44. Nxe6 fxe6 45. Rd6 Ne5+ (
45... Nxh4 $5 $44) 46. Ke4 Nf7 47. Rf5+ Ke7 {White cannot avoid giving back
the exchange; now} 48. Rxf7+ Kxf7 49. Rxa6 $14 {is the best he can do, with
another better rook ending}) 42... Rb8 43. Rxh5 Rb1 $14 (43... Rb4+ 44. Rd4 Rb2
$132 {may be better, to take away the d4 square from a white knight. Now Black
is fully equal.}) 44. Nf5+ (44. Rdf5 $1 {The last advantage White had.}) 44...
Ke8 45. Nd6+ Ke7 46. Nf5+ Ke8 47. Nd4 (47. Rg5 {is inhuman and not really that
great:} Re6+ 48. Kf3 Rf1+ 49. Kg4 Re2 {The engine gradually grows less
optimistic.}) 47... Rc7 48. c6 Rd1 (48... Re7+ 49. Kf5 $14 {was White's
intention, hiding on f6.}) 49. Rd6 Re7+ 50. Kd5 f3 51. Rf5 $2 (51. Rf6 Re3 {
Black's activity has grown beyond control.}) 51... Re6 $1 {Black is tactically
alert.} 52. Rxe6+ fxe6+ 53. Kxe6 Rxd4 54. Rxf3 Rc4 55. Kd5 Rc1 56. h5 $2 {
Could easily be the decisive mistake.} (56. Kd6 $1 Ne7 57. Kc7 Rxc6+ 58. Kb7 {
was another way to try and defend; it's not at all clear to me that Black has
anything against Ra3xa6.}) 56... Ne7+ 57. Ke5 Rc5+ 58. Kd4 Rxc6 {Completely
natural.} (58... Rxh5 $1 59. Rf6 Ra5 $19) 59. Ra3 Rh6 60. Kc5 Kd7 61. Rg3 Rc6+
$2 ({After} 61... Rxh5+ $1 62. Kb6 Rh6+ 63. Kb7 {White could still have
obtained the defensive construct from a few moves back, but now} Nd5 64. Ra3
Rb6+ 65. Ka7 Kc7 $1 $19 {is the hard-to-see sting in the tail}) 62. Kb4 Rh6 63.
Ka5 Kc7 64. Rg7 Kd8 65. Rg5 Kc8 66. Rg7 Nd5 67. Rg5 $2 (67. Rg6 $1 {was surely
easy enough.} Rxh5 (67... Rxg6 68. hxg6 Kb7 69. g7 Ne7 {is a draw even without
the white a-pawn.}) 68. Kxa6 {and a brief look should have satisfied White
that none of his opponent's mating tricks are working.}) 67... Nc7 68. Rf5 Kb7
69. Rg5 Rf6 70. Re5 Rf4 71. Rg5 Rh4 {Black has improved his rook position and
this should now be objectively winning.} 72. Re5 Rh2 73. a4 (73. a3 {avoids
the ...Nc6 mate motif, see next note, but Black must still win.}) 73... Rh4 74.
Rf5 Rd4 (74... Re4 $1 {is the precise sequence to force through ...Nc5.} 75.
Rg5 Ne6 76. Rd5 (76. Rf5 Nd8 $1) 76... Rc4 77. Re5 Nc5 $19) 75. Rg5 (75. h6 Rh4
76. Rf6 Rh5+) 75... Ne6 $2 {Now Black is in danger of a repetition of moves.}
76. Rg6 Nc7 (76... Rd5+ 77. Kb4 a5+ {is probably winning and Black needed to
do this.}) 77. Rg5 Ka7 {Trying to set up ...Nb7 mate, but there is an issue.} (
77... Rh4 $1 {Black still has a winning path that avoids all the repetitions,
but he must be careful.}) 78. h6 $2 {This forgives Black.} (78. Rg7 $1 {
Now Black has to play ...Rd5, as ...Kb7 would be the threefold repetition.}
Rd5+ (78... Rc4 79. h6 Kb7 80. h7 Rh4 81. Rf7 $11) 79. Kb4 Kb7 80. h6 {White
can probably draw this.}) 78... Ne6 $1 {Making no mistake.} 79. h7 (79. Rg6 Nc5
$19) 79... Rh4 80. Rg6 {Making it quick.} (80. Rd5 Rxh7 {will lose eventually
too}) 80... Nc5 {Concluding this epic struggle!} 0-1

[Event "Bundesliga 0405"]
[Site "Germany"]
[Date "2005.01.30"]
[Round "9.3"]
[White "Krasenkow, Michal"]
[Black "Scheerer, Christoph"]
[Result "0-1"]
[WhiteElo "2676"]
[BlackElo "2392"]
[Annotator "Finkel,A"]
[PlyCount "68"]
[EventDate "2004.11.12"]
[EventType "team-tourn"]
[EventRounds "15"]
[EventCountry "GER"]
[SourceTitle "CBM 106"]
[Source "ChessBase"]
[SourceDate "2005.06.06"]
[SourceVersion "1"]
[SourceVersionDate "2005.06.06"]
[SourceQuality "1"]
[WhiteTeam "Baden Oos"]
[BlackTeam "Preetz"]
[WhiteTeamCountry "GER"]
[BlackTeamCountry "GER"]

1. Nf3 Nc6 2. d4 d5 3. g3 {This line is quite harmless for black, even though
white may get a minimal advantage.} Bg4 4. Bg2 e6 (4... Qd7) 5. c3 Bd6 6. O-O
Nf6 (6... h5 7. h4 Nge7 8. Nbd2 f5 9. c4 dxc4 10. Nxc4 Nd5 11. Nxd6+ Qxd6 $13 {
Wheeler,R-Benaino,S/Thessaloniki 1988}) 7. Qb3 (7. Nbd2 O-O 8. Re1 Re8 9. e4
dxe4 10. Nxe4 Nxe4 11. Rxe4 Bh5 12. Qe1 Ne7 13. c4 $14 {Klee,M-Pinkas,K/
Weilburg 1995}) 7... Rb8 8. Bg5 h6 9. Bxf6 Qxf6 10. Nbd2 O-O 11. e4 Bxf3 12.
Bxf3 $6 {Krasenkov is obviously thinking about an attack, but in my opinion it
was better to play} (12. Nxf3 dxe4 13. Nd2 e5 14. Nxe4 Qg6 15. dxe5 Nxe5 16.
Nxd6 Qxd6 17. Rad1 $14 {with a comfortable plus.}) 12... dxe4 13. Bxe4 e5 $11
14. d5 (14. dxe5 Nxe5 15. Bg2 Be7 16. Rad1 Rfd8 $11) 14... Ne7 15. c4 b6 (15...
Qg5 16. Qc3 f5 17. Bg2 b6 18. b4 $14) 16. Bc2 Nc8 17. Rae1 a5 18. Ne4 Qe7 19.
f4 ({Nothing promises} 19. c5 $6 Bxc5 20. Nxc5 Qxc5 21. Rxe5 Nd6 22. Rc1 g6 23.
Ree1 Rfe8 $11) 19... exf4 20. Qd3 f5 21. Nxd6 Qxd6 22. Rxf4 Qc5+ 23. Kg2 Nd6
24. g4 $2 {Underestimating black's counterattack over the b-file.} (24. Qc3
Rbe8 (24... b5 $6 25. Re7 Ne8 26. Qe5 bxc4 27. Bxf5 $40 {[%csl Rg8]}) 25. Rxe8
Rxe8 26. Bxf5 Re2+ 27. Kh3 Nxf5 28. Rxf5 Qd6 $1 {[%csl Rb2,Rh3]} (28... Qg1 $2
29. Rf8+ Kxf8 30. Qf3+ $16) 29. Qd4 $1 $14 {[%cal Gf5f2]}) 24... b5 $1 $36 {
[%csl Rb2]} 25. cxb5 (25. b3 bxc4 26. bxc4 Rbe8 27. Rxe8 Rxe8 28. gxf5 Re1 $36)
25... Rxb5 26. gxf5 Rxb2 27. Re2 Re8 28. Rxe8+ Nxe8 29. Rc4 (29. Rf2 Kh8 $1 {
[%csl Ra2]} 30. a3 Nf6 $17) 29... Qe7 30. a4 Qg5+ 31. Kh3 $6 (31. Kh1 Ra2 32.
Qd1 $15) 31... Nf6 32. Qf3 (32. Qe2 $5) 32... Qd2 $1 33. Qc3 Qc1 34. Rxc7 $2 (
34. Qd3 $8 {[%csl Gf1]} Qg1 35. Qf3 $17) 34... Qf1+ (34... Qf1+ 35. Kg3 Qg1+
36. Kf3 Qg4+ 37. Kf2 Ne4+ $19) 0-1